| 000 | 01411 a2200193 4500 | ||
|---|---|---|---|
| 003 | Nust | ||
| 005 | 20221128123651.0 | ||
| 010 | _a 77028180 | ||
| 020 | _a0023894601 | ||
| 040 | _cNust | ||
| 082 | 0 | 0 | _a530,ORE |
| 100 | 1 |
_aOrear, Jay. _9103672 |
|
| 245 | 1 | 0 |
_aPhysics / _cJay Orear. |
| 260 |
_aNew York : _bMacmillan, _cc1979. |
||
| 300 |
_axvi, 752 p. : _bill. ; _c24 cm. |
||
| 505 | _aIntroduction (Page-1), One-Dimensional Motion (Page-22), Tow- Dimensional Motion (Page-38), Dynamics (Page-55) Gravitation (Page-79) Work and Energy (Page-97) Conservation of Energy (Page-115), Relativistic Kinematics (Page-144), Relativistic Dynamics (Page-169), Rotational Motion (Page-190), Oscillatory Motion (Page-215), Kinetic Theory (Page-234), Thermodynamics (Page-253), Second Law of Thermodynamics (Page-270), Electrostatic Force (Page-290), Electrostatics (Page-308), Current and Magnetic Force (Page-335), Magnetic Fields (Page-365), Electromagnetic Induction (Page-384), Electromagnetic Radiation and Waves (Page-417), Interaction of Radiation with Matter (Page-422), Wave Interference (Page-473), Optics (Page-496), The Wave Nature of Matter (Page-525), Quantum Mechanics (Page-541), The Hydrogen Atom (Page-564), Atomic Physics (Page-590), Condensed Matter (Page-608), Nuclear Physics (Page-642), Astrophysics (Page-677), Particle Physics (Page-698). | ||
| 650 | 0 | _aPhysics. | |
| 942 |
_2ddc _cBK _k530,ORE |
||
| 999 |
_c180888 _d180888 |
||